000 03646cam a2200889 a 4500
001 21791
003 VRT
005 20260309150253.0
008 230501s1984 xo a gr 0000jdslo
015 _aSNBA1985/04
020 _q(viazané)
035 _aSNK000036848
035 _a89357E42-09BB-42EB-B21E-CCF7A2489349
035 _aurn:nbn:sk:snk-am00ikcn
039 9 _a202512272108
_bAUTHORITY
_c202305011812
_dVLOAD
_c202304281412
_dVLOAD
_c202304281048
_dVLOAD
040 _aSNK
_bslo
_cSNK
_eAACR2
041 1 _aslo
_heng
044 _axo
_cSK
072 7 _a821.111-3
_xAnglická próza, anglicky písaná
_2konspekt
072 7 _a821.111(73)-3
_xAmerická próza
_2konspekt
080 _a820/899 (100)-3(082)
_21997
080 _a821.111-32
_22011
080 _a(0:82-312.9)
_22011
080 _a(082.21)
_22011
080 _a821.111(73)-32
_22011
245 0 0 _a10x sci-fi
_c[z anglických originálov uverejnených v zborníku The Arbor House reasury of Modern Science Fiction vybral Hviezdoslav Herman ; preložil Otakar Kořínek ; doslov napísal Dominik Bartosiewicz ; ilustrovali Róbert Brun, Dušan Nágel, Dušan Polakovič, Veronika Rónaiová, Peter Rónai]
246 3 _aDesaťkrát sci-fi
250 _a1. vyd.
260 _aBratislava
_bSmena
_c1984
_eBanská Bystrica
_fTlačiarne SNP
300 _a278 strán
_bilustrácie
_c21 cm
366 _e39700 výtl.
490 1 _aLabyrint
500 _aObsahuje biogragfické údaje o autoroch diel
500 _aObsahuje 10 diel
655 7 _aanglické príbehy
_2SNKPH
655 7 _avedecko-fantastické príbehy
_2SNKPH
655 7 _avýbery
_2SNKPH
655 7 _aamerické príbehy
_2SNKPH
700 1 _aHerman, Hviezdoslav,
_d1951-
_4com
700 1 _aKořínek, Otakar,
_d1946-2025
_4trl
700 1 _aBartosiewicz, Dominik
_4aft
700 1 _aBrun, Robert,
_d1948-
_4ill
700 1 _aNágel, Dušan,
_d1949-
_4ill
700 1 _aPolakovič, Dušan,
_d1950-2016
_4ill
700 1 _aRónaiová, Veronika,
_d1951-
_4ill
700 1 _aRónai, Peter,
_d1953-
_4ill
700 1 2 _aAsimov, Isaac,
_d1920-1992
_tBicentennial mann
_lSlovensky
700 1 2 _aBlish, James,
_d1921-1975
_tCommon time
_lSlovensky
700 1 2 _aBudrys, Algis,
_d1931-2008
_tWall of crystal, eye of night
_lSlovensky
700 1 2 _aEllison, Harlan,
_d1934-2018
_tHuman operators
_lSlovensky
700 1 2 _aShaw, Bob,
_d1931-1996
_tLight of other days
_lSlovensky
700 1 2 _aSheckley, Robert,
_d1928-2005
_tShape
_lSlovensky
700 1 _aSmith, Cordwainer,
_d1928-
_tAlpha Ralpha Boulevard
_lSlovensky
700 1 _aTenn, William,
_d1920-2010
_tChild's play
_lSlovensky
700 1 _aTiptree, James,
_cJr,
_d1915-1987
_tWomen menm don see
_lSlovensky
700 1 2 _aZelazny, Roger,
_d1937-1995
_tKeys to december
_lSlovensky
700 1 2 _aVan Vogt, A. E.
_q(Alfred Elton),
_d1912-2000
_tHuman operators
_lSlovensky
740 0 2 _aDvestoročný človek
740 0 2 _aObyčajný čas
740 0 2 _aPiloti z rodu ľudí
740 0 2 _aSvetlo dávnych dní
740 0 2 _aTvar
740 0 2 _aBulvár Alfa Ralfa
740 0 2 _aDetská hra
740 0 2 _aŽeny, krtoré muži nevidia
740 0 2 _aStvoriť svet-
740 0 2 _aKrištálová stena, oko noci
830 0 _aLabyrint
910 _asnk
942 _2ddc
_cKLDO
_n0
949 _6270001000422814
_asvkbbA 44832
_bsvkbbm 456159
949 _6270001000422815
_asvkbbA 44832-a
_bsvkbbm 456160
949 _6270001000422813
_asvkbbA 44832-b
_bsvkbbm 459326
949 _617A0015027
_9P60, <05>, [BOOK], {605}
_asnkSC 62920 D1
949 _617A0917979
_asnkSC 62920
_bsnkKSP 2433/85
_s6100:20220818
999 _c21791
_d21791